[Event "SN-2010-0-00272"]
[Site "LSS email"]
[Date "2010.09.05"]
[Round "?"]
[White "Ochoa, Antonio"]
[Black "Smith, Harry E"]
[Result "0-1"]
[WhiteElo "800"]
[BlackElo "522"]
[PlyCount "22"]
[EventDate "2010.08.17"]
[EventType "tourn (corr)"]
[EventRounds "6"]
[EventCountry "GER"]
[SourceTitle "Corr 2015"]
[Source "ChessBase"]
[SourceDate "2015.07.17"]
[SourceVersion "1"]
[SourceVersionDate "2015.07.17"]
[SourceQuality "1"]

1. Nf3 e6 2. g3 d5 3. Bg2 Ne7 4. 0-0 Nec6 5. c3 Be7 6. d3 0-0 7. Nbd2 Nd7 8. e4 Re8 9. d4 b5 10. exd5 exd5 11. Nb3 a5 0-1

[Event "SN-2010-0-00272"]
[Site "LSS email"]
[Date "2010.09.05"]
[Round "?"]
[White "Tassinati, Mirco"]
[Black "Ochoa, Antonio"]
[Result "1-0"]
[WhiteElo "545"]
[BlackElo "800"]
[PlyCount "29"]
[EventDate "2010.08.17"]
[EventType "tourn (corr)"]
[EventRounds "6"]
[EventCountry "GER"]
[SourceTitle "Corr 2015"]
[Source "ChessBase"]
[SourceDate "2015.07.17"]
[SourceVersion "1"]
[SourceVersionDate "2015.07.17"]
[SourceQuality "1"]

1. e4 d6 2. d4 Nf6 3. Nc3 g6 4. Nf3 Bg7 5. e5 dxe5 6. dxe5 Qxd1+ 7. Nxd1 Nd5 8. Bc4 e6 9. Bg5 h6 10. Bxd5 exd5 11. Bf6 Rg8 12. Bxg7 Rxg7 13. 0-0 Be6 14. Ne3 Nc6 15. Rad1 1-0

[Event "ZN-2010-0-01112"]
[Site "LSS email"]
[Date "2010.08.02"]
[Round "?"]
[White "Zimmermann, Jan Erik"]
[Black "Ochoa, Antonio"]
[Result "1-0"]
[WhiteElo "1014"]
[BlackElo "800"]
[PlyCount "49"]
[EventDate "2010.07.28"]
[EventType "match (corr)"]
[EventRounds "2"]
[EventCountry "GER"]
[SourceTitle "Telechess CBM 143"]
[Source "ChessBase"]
[SourceDate "2011.07.15"]
[SourceVersion "1"]
[SourceVersionDate "2011.07.15"]
[SourceQuality "1"]

1. e4 d6 2. d4 Nf6 3. Bd3 e5 4. d5 Be7 5. f4 0-0 6. Nf3 Bg4 7. 0-0 c6 8. dxc6 Nxc6 9. c3 Rc8 10. Kh1 d5 11. exd5 Nxd5 12. fxe5 Nxe5 13. Be4 Nxf3 14. Bxf3 Bxf3 15. Qxf3 Nf6 16. Qxb7 Qd3 17. Nd2 Bc5 18. Qf3 Rcd8 19. Qxd3 Rxd3 20. Nb3 Bb6 21. Bg5 Ne4 22. Bh4 g5 23. Rae1 gxh4 24. Rxe4 Rfd8 25. Rxh4 1-0

[Event "ZN-2010-0-01107"]
[Site "LSS email"]
[Date "2010.07.27"]
[Round "?"]
[White "Gatto, Carolina"]
[Black "Ochoa, Antonio"]
[Result "1-0"]
[WhiteElo "1016"]
[BlackElo "800"]
[PlyCount "35"]
[EventDate "2010.07.18"]
[EventType "match (corr)"]
[EventRounds "2"]
[EventCountry "GER"]
[SourceTitle "Telechess CBM 143"]
[Source "ChessBase"]
[SourceDate "2011.07.15"]
[SourceVersion "1"]
[SourceVersionDate "2011.07.15"]
[SourceQuality "1"]

1. e4 d5 2. exd5 Qxd5 3. Nc3 Qd6 4. d4 Nf6 5. g3 c6 6. Nf3 Bf5 7. Bd3 Bg6 8. 0-0 e6 9. Re1 Be7 10. a4 a5 11. Bf4 Qd7 12. Ne5 Qd8 13. Be2 Nd5 14. Nxd5 cxd5 15. Bb5+ Kf8 16. Qf3 Bd6 17. Nxg6+ hxg6 18. Rxe6 1-0